¿Adónde va la matemática? : problemas de la enseñanza y la investigación futuras /

Guardado en:
Autor Principal: Kuntzmann, Jean, 1912-
Otros Autores: Avoine. (Ilustrador)
Formato: Libro
Idioma:Spanish
French
Publicado: México : Siglo Veintiuno, 1969.
Edición:1a. ed. en español.
Series:El mundo del hombre. Psicología y educación
Etiquetas: Agregar Etiqueta
Sin Etiquetas, Sea el primero en etiquetar este registro!
LEADER 00954nam a22002175a 4500
001 MAT.inmabb002269
008 040304s1969####mx############000#0#spa#d
005 20170524115844.0
245 1 1 |a ¿Adónde va la matemática? :  |b problemas de la enseñanza y la investigación futuras /  |c por Jean Kuntzmann ; traducción de Francisco González Aramburu ; ilustraciones de Avoine. 
250 |a 1a. ed. en español. 
260 |a México :  |b Siglo Veintiuno,  |c 1969. 
300 |a 171 p. :  |b il. ;  |c 18 cm. 
440 3 |a El mundo del hombre.  |p Psicología y educación 
500 |a Traducción de: ¿Oú vont les mathématiques? : réflexions sur l'enseignement et la recherche. Paris : Hermann, 1967. 
510 4 |a MR,  |c 36 #2456  |3 (de la versión original) 
100 1 |a Kuntzmann, Jean,  |d 1912- 
240 1 1 |a ¿Oú vont les mathématiques?.  |l Español 
700 0 |a Avoine.  |4 ill 
084 |a 00A35  |2 msc2000 
041 1 |a spa  |h fre 
859 |h 00A35  |i K96  |p A-8077  |b BIB. MATEMATICA